LEADER 03486nam2 2200469 i 450 001 BVEE057915 005 20170908093229.0 012 $a0.a- o-s, Etur tebr (3) 1552 (R)$2fei$9Vol. 10 100 $a20061219d1552 ||||0itac50 ba 101 | $alat 102 $ait 181 1$6z01$ai $bxxxe 182 1$6z01$an 200 1 $a˜10: œDecimum volumen. Auerrois Cordubensis colliget libri 7. Cantica item Auicennae cum eiusdem Auerrois commentariis: ... 210 $aVenetiis$capud Iuntas$d1552$eVenetijs$gapud haeredes Lucaeantonij Iuntae Florentini$h1550 215 $a142 c 300 $aSegue a c. S1: De theriaca di Averroé 300 $aMarca (Z632) a c. R9v 300 $aSegn.: A-Q⁸ R¹⁰ S⁴ 300 $aColophon a c. R9v 300 $aLa c. R10, compresa nella numerazione, è bianca. 316 $av. 10. - Legato con il v. 9., con legatura farnesiana. - Timbro RB sul front. del v. 9. - Mutilo della c. R 10$5IT-NA0079, SALA FARN.24. F 0026 316 $av. 10.; legato con i v. 9. e 11.$5IT-AV0045, CINQ 001. 0268/0274 461 1$1001CFIE000349$12001 $a˜Aristotelis ... œOmnia quae extant opera nunc primum selectis translationibus, collatisque cum graecis emendatissimis exemplaribus, ... Auerrois Cordubensis in ea opera omnes qui ad nos peruenere commentarii, aliique ipsius ... quorum aliqui non amplius à Latinis visi, nuper à Iacob Mantino sunt conuersi: ... Leui Gersonidis annotationes in Auer. expositionem super logices libros, Latinis hucusque incognite, eodem Iacob Mantino interprete. ... M. Antonij Zimarae in Aristotelis & Auerrois dicta contradictionum solutions. Io. Baptistae Bagolini Veronensis labore, ac diligentia. Haec autem omnia tum ex praefatione, tum ex indice librorum clarius innotescunt. ...$v10 517 1 $aDecimum volumen. Averrois Cordubensis colliget libri 7. ...$9BVEE057916 700 0$aAverroes$3CFIV083443$4070$0388071 702 0$aAvicenna$3VEAV002253 790 1$aIbn Rušd$b, Abū al-Walīd Muḥammad$3CFIV083668$zAverroes 790 0$aAverroè$3CFIV131633$zAverroes 790 1$aIbn Sīnā$b, al-Ḥusayn ibn ʻAbd Allāh$3SBNV047274$zAvicenna 790 1$aIbn Sīnā$b, Abū ʻAlī$3VEAV002254$zAvicenna 801 3$aIT$bIT-NA0079$c20061219 850 $aIT-NA0079$aIT-AV0045 899 1$aBiblioteca Nazionale Vittorio Emanuele III$bNA0079$eS$uhttp://books.google.com/books?vid=IBNN:BNA01001454197 912 $aBVEE057915 921 $aPUVM000004$bGiglio araldico, bocciolato e bottonato, stemma di Firenze.$cZ632$dA c. R9v 950 2$aBiblioteca Nazionale Vittorio Emanuele III$bv. 1.-10.$cv. 9.-10.$d BNSALA FARN.24. F 0026$e BNA010014541975G B (2 v. 10. - Legato con il v. 9., con legatura farnesiana. - Timbro RB sul front. del v. 9. - Mutilo della c. R 10$fC $h20061219$i20061219 950 2$aBiblioteca Statale di Montevergine$b1 esemplare (v. 1.-11. in 7 t.)$cv. 1.-11.$d MVCINQ 001. 0268/0274$e MV 0001375085 R (274/2 v. 10.; legato con i v. 9. e 11.$fZ $h20021021$i20021021 956 $aBiblioteca Nazionale Vittorio Emanuele III$b1$c$d$eBNA01001454197$uhttp://books.google.com/books?vid=IBNN:BNA01001454197$z BNSALA FARN.24. F 0026 977 $a BN$a MV 996 $aDecimum volumen. Auerrois Cordubensis colliget libri 7. Cantica item Auicennae cum eiusdem Auerrois commentariis$91140195 997 $aUNISANNIO LEADER 00922nam0-22003251i-450- 001 990008024610403321 005 20060613143321.0 035 $a000802461 035 $aFED01000802461 035 $a(Aleph)000802461FED01 035 $a000802461 100 $a20050316d1978----km-y0itay50------ba 101 0 $aita 102 $aIT 105 $ay-------001yy 200 1 $aPensieri a Giulia$fGiuseppe Capograssi$gpremessa di Gabrio Lombardi 210 $aMilano$cGiuffr$d 1978 215 $aCXI p., [2] c. di tav.$c2 ritr$d24 cm 676 $a808.6$v20$zita 700 1$aCapograssi,$bGiuseppe$f<1889-1956>$0160447 702 1$aLombardi,$bGabrio$f<1913-1994> 801 0$aIT$bUNINA$gRICA$2UNIMARC 901 $aBK 912 $a990008024610403321 952 $aXI D C 23(10)$b2723$fDFD 952 $aVI L 390$b2863$fDDA 959 $aDDA 959 $aDFD 996 $aPensieri a Giulia$9722377 997 $aUNINA LEADER 01210cam0 22002653 450 001 SOB007058 005 20241108150000.0 100 $a20000101d1970 |||||ita|0103 ba 101 $aita 102 $aIT 200 1 $aIntroduzione ad un profilo sistematico degli Atti delle Comunit europee$econtributo allo studio delle organizzazioni internazionali$fUgo Maria Iaccarino 210 $aNapoli$cJovene$d1970 215 $aXXXVI, 252 p.$d24 cm 225 2 $aPubblicazioni della Facolt giuridica dell'Universit di Napoli$v87 410 1$1001LAEC00015293$12001 $a*Pubblicazioni della Facolt giuridica dell'Universit di Napoli$v87 700 1$aIaccarino$b, Ugo_Maria$3AF00006971$4070$0407532 801 0$aIT$bUNISOB$c20241108$gRICA 850 $aUNISOB 852 $aUNISOB$jFondo|Cofin$m107406 912 $aSOB007058 940 $aM 102 Monografia moderna SBN 941 $aM 957 $aFondo|Cofin$b000209$gSI$d107406$hCofin$rACQUISTO$1catenacci$2UNISOB$3UNISOB$420131231091829.0$520210524102745.0$6Spinosa$fPer le modalit di consultazione vedi homepage della Biblioteca link Fondi 996 $aIntroduzione ad un profilo sistematico degli atti delle comunit europee$91413477 997 $aUNISOB LEADER 02315nam1 22003973i 450 001 UAN0140256 005 20251003044417.0 100 $a20080721g2004 ||||0itac50 ba 101 | $aita 102 $ait 181 1$6z01$ai $bxxxe 182 1$6z01$an 200 1 $aGuida alla professione di ingegnere 210 $aRoma$cCentro studi Consiglio nazionale degli ingegneri 215 $a v.$d24 cm. 225 | $aCentro studi C.N.I 410 0$1001MIL0463976$12001 $aCentro studi C.N.I$171201$aConsiglio nazionale ingegneri$b : Centro studi$3CFIV195085 462 1$1001NAP0387211$12001 $a7: La disciplina dei contratti pubblici$f[redatto ed elaborato da Lorenzo Passeri]$v7 462 1$1001UAN0140259$12001 $a2: Urbanistica e pianificazione territoriale$f[redatto ed elaborato da Dania De Ascentiis]$v2$1702 1$aDe Ascentiis$b, Dania$3NAPV107453 463 1$1001MIL0685629$12001 $a3: Formazione, mercato del lavoro ed accesso all'albo$f[redatto da Emanuele Palumbo$gcon il coordinamento di Massimiliano Pittau]$v3 463 1$1001MIL0721297$12001 $a5: Le norme in materia di edilizia$v5 463 1$1001MIL0728279$12001 $a6: La valutazione di impatto ambientale (VIA) e la valutazione ambientale strategica (VAS)$f[redatto da Marco Scanzani$gcon il coordinamento di Nicola Colacino]$v6 463 1$1001MOD1479894$12001 $a8: Il collaudo$enozione, adempimenti e responsabilita$f[redatto da Nicola Colacino e Marco Renzelli$gcon il coordinamento di Giovanni Angotti]$v8 463 1$1001NAP0350889$12001 $a4: Le tariffe professionali e la loro applicazione$v4 463 1$1001UAN0140258$12001 $a1: Profili civilistici, fiscali e previdenziali$v1 606 $aIngegneri$xProfessione$xItalia$2FIR$3BMTC081890$9I 676 $a620.0023$9Ingegneria e attivit affini. Il soggetto come professione, occupazione, passatempo$v14 676 $a620.002345$9INGEGNERIA E ATTIVITA AFFINI. Il soggetto come professione. Italia$v21 801 3$aIT$bIT-000000$c20080721 850 $aIT-BN0095 $aIT-NA0079 901 $bNAP BN$cMISC. $nLa consegna dei documenti effettuata dall'Ufficio Distribuzione 912 $aUAN0140256 967 $m8 977 $a 01$a BN 996 $aGuida alla professione di ingegnere$9103088 997 $aUNISANNIO